| 000 | 00478nam a2200181Ia 4500 | ||
|---|---|---|---|
| 001 | 24883 | ||
| 005 | 20260414151113.0 | ||
| 008 | 260414t2019||||xx |||||||||||||| ||spa|| | ||
| 041 | _aESP | ||
| 082 |
_a346 _bR22 T. 1 |
||
| 100 |
_aRamirez Gastón B., Germán, _eAUT |
||
| 245 | 0 |
_aCongreso internacional de derecho civil : _biálogo entre disciplinas |
|
| 260 | _c2019 | ||
| 300 |
_a555 páginas : _c25 cm. |
||
| 650 | _aDER | ||
| 654 | _aCDE | ||
| 942 |
_cLIB _dJUS _fJUS _2ddc _n |
||
| 999 |
_c24883 _d24883 |
||